Museo de la novela de la Eterna / (Record no. 12580)

MARC details
000 -LEADER
campo de control de longitud fija 00966nam a2200289 i 4500
001 - NÚMERO DE CONTROL
campo de control 12580
003 - IDENTIFICADOR DE NÚMERO DE CONTROL
campo de control ES-MaACL
005 - FECHA Y HORA DE LA ÚLTIMA TRANSACCIÓN
campo de control 20230906150342.0
007 - CAMPO FIJO DE DESCRIPCIÓN FÍSICA--INFORMACIÓN GENERAL
campo de control de longitud fija t|
008 - DATOS DE LONGITUD FIJA--INFORMACIÓN GENERAL
campo de control de longitud fija 940202s1993 sp |||| | spa j
020 ## - NÚMERO INTERNACIONAL ESTÁNDAR DEL LIBRO
Número Internacional Estándar del Libro 84-88344-02-3
080 ## - NÚMERO DE LA CLASIFICACIÓN DECIMAL UNIVERSAL
Número de la Clasificación Decimal Universal 860(82) Fernádez, Macedonio 7 Museo de la Novela de la Eterna.06
080 ## - NÚMERO DE LA CLASIFICACIÓN DECIMAL UNIVERSAL
Número de la Clasificación Decimal Universal 860(82)-31"19"
100 1# - ENTRADA PRINCIPAL--NOMBRE DE PERSONA
Nombre de persona Fernández, Macedonio.
9 (RLIN) 49401
245 10 - MENCIÓN DEL TÍTULO
Título Museo de la novela de la Eterna /
Mención de responsabilidad, etc. Macedonio Fernández.
250 ## - MENCION DE EDICION
Mención de edición Ed. crítica
Resto de la mención de edición Ana Camblong, Adolfo de Obieta, 1ª ed.
260 ## - PUBLICACIÓN, DISTRIBUCIÓN, ETC.
Lugar de publicación, distribución, etc. [Madrid] :
Nombre del editor, distribuidor, etc. ALLCA XX,
Fecha de publicación, distribución, etc. 1993.
300 ## - DESCRIPCIÓN FÍSICA
Extensión LXXIX, 591 p. :
Otras características físicas 1 retr. ;
Dimensiones 25 cm.
490 1# - MENCIÓN DE SERIE
Mención de serie Colección Archivos ;
Designación de volumen o secuencia 25
500 ## - NOTA GENERAL
Nota general Bibliografía.
600 14 - PUNTO DE ACCESO ADICIONAL DE MATERIA--NOMBRE DE PERSONA
Nombre de persona Fernández, Macedonio-
Subdivisión general Crítica e interpretación.
9 (RLIN) 148060
700 1# - ENTRADA AGREGADA--NOMBRE PERSONAL
Nombre de persona Camblong, Ana.
9 (RLIN) 34030
700 1# - ENTRADA AGREGADA--NOMBRE PERSONAL
Nombre de persona Obieta, Adolfo de.
9 (RLIN) 86403
830 0# - PUNTO DE ACCESO ADICIONAL DE SERIE-TÍTULO UNIFORME
Título uniforme Colección Archivos ;
Designación de volumen o secuencia 25
9 (RLIN) 178295
852 ## - LOCALIZACIÓN
Ubicación ES-MaACL
Número de control de estantería L-19858
Holdings
Estatus retirado Estado de pérdida Estado de daño No para préstamo Biblioteca de origen Biblioteca actual Ubicación en estantería Fecha de adquisición Fuente de adquisición Total de préstamos Signatura topográfica completa Código de barras Visto por última vez Precio de reemplazo Tipo de ítem Koha
        Biblioteca del Ateneo de Madrid Biblioteca del Ateneo de Madrid Depósito 2 17/01/2008     L-19858 1012816 23/02/2023 23/02/2023 Libro impreso